000 00440nam a22001817a 4500
003 MPLRDC
005 20220104165620.0
008 210129b ||||| |||| 00| 0 eng d
020 _a0-273-02974-6
082 _a524.969 WOOD-2 v.2 1990
100 _aFRANK WOOD
245 _aBUSINESS ACCOUNTING 2
_c
250 _a重印
260 _a
_bPITMAN
_c1990
300 _b
650 _a自修用书
942 _cBK
_o524.969 WOOD-2 v.2 1990
999 _c57529
_d57519